000 00413nam a2200157 i 4500
001 bg
100 1 _aSMOLIŃSKI, Kazimierz
245 0 _aElektrotechnika /
_cKazimierz Smoliński.
260 _aZielona Góra :
_bWydaw. Uczelniane WSI,
_c1976.
650 9 _aElektrotechnika
655 _aPodręczniki akademickie
040 _cBPK
041 _apol
942 _cKS
008 s pl f |000 0 pol
999 _c17325
_d17325
856 _uhttp://koha.tu.koszalin.pl/cgi-bin/koha/opac-detail.pl?biblionumber=17325
_yKatalog online BPK